Sử dụng ảnh Landsat 8 đa thời gian để xác định sự thay đổi hiện trạng canh tác và đánh giá hiệu quả kinh tế trên mô hình 2 vụ lúa và 3 vụ lúa tỉnh Kiên Giang : Luận văn tốt nghiệp Cao học. Chuyên ngành Quản lý đất đai

Sử dụng ảnh landsat 8 đa thời gian để xác định sự thay đổi hiện trạng canh tác và đánh giá hiệu quả kinh tế trên mô hình 2 vụ lúa và 3 vụ lúa tỉnh Kiên Giang nhằm phát triển và sử dụng tối ưu mô hình canh tác lúa một cách bền vững....

Πλήρης περιγραφή

Αποθηκεύτηκε σε:
Λεπτομέρειες βιβλιογραφικής εγγραφής
Κύριος συγγραφέας: Lê, Nguyễn Huê Anh
Μορφή: Βιβλίο
Γλώσσα:Undetermined
Έκδοση: Cần Thơ Trường Đại học Cần Thơ 2017
Θέματα:
Ετικέτες: Προσθήκη ετικέτας
Δεν υπάρχουν, Καταχωρήστε ετικέτα πρώτοι!
Thư viện lưu trữ: Trung tâm Học liệu Trường Đại học Cần Thơ
LEADER 01405nam a2200217Ia 4500
001 CTU_225145
008 210402s9999 xx 000 0 und d
082 |a 333.760285 
082 |b A107 
100 |a Lê, Nguyễn Huê Anh 
245 0 |a Sử dụng ảnh Landsat 8 đa thời gian để xác định sự thay đổi hiện trạng canh tác và đánh giá hiệu quả kinh tế trên mô hình 2 vụ lúa và 3 vụ lúa tỉnh Kiên Giang : 
245 0 |b Luận văn tốt nghiệp Cao học. Chuyên ngành Quản lý đất đai 
245 0 |c Lê Nguyễn Huê Anh ; Nguyễn Thị Hồng Điệp (Cán bộ hướng dẫn) 
260 |a Cần Thơ 
260 |b Trường Đại học Cần Thơ 
260 |c 2017 
520 |a Sử dụng ảnh landsat 8 đa thời gian để xác định sự thay đổi hiện trạng canh tác và đánh giá hiệu quả kinh tế trên mô hình 2 vụ lúa và 3 vụ lúa tỉnh Kiên Giang nhằm phát triển và sử dụng tối ưu mô hình canh tác lúa một cách bền vững. 
650 |a Sử dụng đất nông nghiệp,Land use, Rural 
650 |x Xử lí dữ liệu,Kế hoạch,Data processing,Planning 
910 |b nthai 
980 |a Trung tâm Học liệu Trường Đại học Cần Thơ